000 004420000a22001690004500
003 MACL
005 20160109134542.0
008 160109b xxu||||| |||| 00| 0 eng d
040 _aMACL
_cMACL
041 _aEnglish
082 _a920/FIS
100 _aFischer, Louis
_930439
245 _aThe Life Of Mahatma Gandhi
260 _bHarper & Row Publishers, New York
_c1983
_aNew York
650 _aBiography
_930440
942 _cBK
_k920/FIS
_2ddc
999 _c33853
_d33853